000 00442nam a2200169Ia 4500
003 OSt
005 20260306095134.0
008 211028s2008 xx 000 0 und d
040 _cAIMIT LIBRARY
041 _aeng
100 _aSequeira, Sharone Olivia; Pavithra.
_g50971287
_92883
110 _aHemalatha.
_92884
245 _aSPM bulk sms /
260 _aMangalore
_c2008
710 _aSaastha Infotech Pvt Ltd
_92885
942 _2ddc
_cPRO
999 _c217046
_d217046